Fundamentals of corporate finance / (Record no. 9358)
[ view plain ]
| 000 -LEADER | |
|---|---|
| fixed length control field | 00641cam a22002054a 4500 |
| 020 ## - ISBN | |
| International Standard Book Number | 0072469749 (alk. paper) |
| 020 ## - ISBN | |
| International Standard Book Number | 0071151036 (international : alk. paper) |
| 020 ## - ISBN | |
| International Standard Book Number | 0072469854 (CDROM) |
| 050 00 - LIBRARY OF CONGRESS CALL NUMBER | |
| Classification Number | HG 4026 |
| Item Number | .R67 2003 |
| 100 1# - MAIN ENTRY--Author | |
| Personal name | Ross, Stephen A. |
| 245 10 - TITLE | |
| Title | Fundamentals of corporate finance / |
| Statement of responsibility, etc | Stephen A. Ross, Randolph W. Westerfield, Bradford D. Jordan. |
| 250 ## - EDITIONSTATEMENT | |
| Edition statement | 6th standard ed. |
| 260 ## - PUBLICATION, DISTRIBUTION, ETC.(IMPRINT) | |
| Place of publication, distribution, etc | Boston, Mass. : |
| Name of publisher, distributor, etc | McGraw-Hill, |
| Date of publication, distribution, etc | c2003. |
| 300 ## - PHYSICAL DESCRIPTION | |
| Extent | 776, 45 p. : |
| 500 ## - GENERALNOTE | |
| General note | Includes index. |
| 650 #0 - SUBJECT--TOPIC | |
| General subdivision | Finance. |
| 700 1# - ADDED ENTRY--PERSONAL AUTHOR | |
| Personal Name | Westerfield, Randolph. |
| 700 1# - ADDED ENTRY--PERSONAL AUTHOR | |
| Personal Name | Jordan, Bradford D. |
| 942 ## - ADDED ENTRY ELEMENTS(KOHA) | |
| Source of classification or shelving scheme | Library of Congress Classification |
| Koha item type | General circulation |
| Source of classification or shelving scheme | Not for loan | Location (home branch) | Sublocation (holding branch) | Date accessioned | Source of acquisition | Full call number | Barcode | Koha item type |
|---|---|---|---|---|---|---|---|---|
| Library of Congress Classification | Kitui Town Campus Library | Kitui Town Campus Library | 06/10/2015 | Donation Books for Africa | HG 4026 .R67 2003 | 2015/008654 | General circulation | |
| Library of Congress Classification | Kitui Town Campus Library | Kitui Town Campus Library | 08/11/2016 | HG 4026 .R67 2003 | 2015/016202 | CD/DVD-ROMs |